Aplikácia metód manažérstva kvality pre zníženie nepodarkovosti v HELLA Slovakia Lighting s.r.o.

Gespeichert in:
Bibliographische Detailangaben
1. Verfasser: Jelenčiaková, Petra (Verfasst von)
Weitere Verfasser: Pauliková, Alena (Betreuung Doktorarbeit)
Format: Manuskript Buch
Sprache:Slowakisch
Veröffentlicht: 2025
Schlagworte:
Online-Zugang:http://is.stuba.sk/zp/portal_zp.pl?podrobnosti=183799
Tags: Tag hinzufügen
Keine Tags, Fügen Sie das erste Tag hinzu!

MARC

LEADER 00000ntm a22000003a 4500
001 stuzp103614
003 SK-STU
005 20250614212104.8
007 ta
008 150427s2015----xo-----f-mn---000-0-slo-d
040 |a STU  |b slo 
041 0 |a slo 
100 1 |a Jelenčiaková, Petra  |u 064000  |4 aut  |U MTF Materiálovotechnologická fakulta  |T MTF Ústav priemyselného inžinierstva a manažmentu  |X 127759  |U M4000  |Y 84  |7 127759 
242 0 1 |a Application of quality management methods to reduce the spoilage in HELLA Slovakia Lighting s.r.o.  |y eng 
245 1 0 |a Aplikácia metód manažérstva kvality pre zníženie nepodarkovosti v HELLA Slovakia Lighting s.r.o. 
260 |c 2025 
650 4 |a Lean Management  |2 eng 
650 4 |a Six Sigma  |2 eng 
650 4 |a ISO certification  |2 eng 
650 4 |a standardized form  |2 eng 
650 4 |a Faurecia Excellence System (FES)  |2 eng 
650 4 |a quality control  |2 eng 
650 4 |a process improvement  |2 eng 
650 4 |a production process  |2 eng 
650 4 |a defect reduction  |2 eng 
650 4 |a quality management  |2 eng 
650 4 |a Lean Management  |2 slo 
650 4 |a Six Sigma  |2 slo 
650 4 |a ISO certifikácie  |2 slo 
650 4 |a štandardizované tlačivo  |2 slo 
650 4 |a Faurecia Excellence System (FES)  |2 slo 
650 4 |a riadenie kvality  |2 slo 
650 4 |a zlepšovanie procesov  |2 slo 
650 4 |a výrobný proces  |2 slo 
650 4 |a zníženie nepodarkovosti  |2 slo 
650 4 |a manažérstvo kvality  |2 slo 
700 1 |a Pauliková, Alena  |u 064000  |k Z1  |4 ths  |U MTF Materiálovotechnologická fakulta  |T MTF Ústav priemyselného inžinierstva a manažmentu  |X 77968  |U M4000  |Y 84  |7 77968 
856 4 |u http://is.stuba.sk/zp/portal_zp.pl?podrobnosti=183799 
996 |c M* DP-15566  |l MMSKP  |s P  |a 0  |w stuzp103614_0001